The Pakistan Military Academy / (Record no. 187408)
[ view plain ]
| 000 -LEADER | |
|---|---|
| fixed length control field | 01085 a2200157 4500 |
| 003 - CONTROL NUMBER IDENTIFIER | |
| control field | Nust |
| 005 - DATE AND TIME OF LATEST TRANSACTION | |
| control field | 20230406100802.0 |
| 040 ## - CATALOGING SOURCE | |
| Transcribing agency | Nust |
| 082 ## - DEWEY DECIMAL CLASSIFICATION NUMBER | |
| Classification number | 954.19,MAH |
| 245 ## - TITLE STATEMENT | |
| Title | The Pakistan Military Academy / |
| Statement of responsibility, etc. | Dedicated to the PMA |
| 260 ## - PUBLICATION, DISTRIBUTION, ETC. | |
| Place of publication, distribution, etc. | Pakistan Military Acdemy, |
| Date of publication, distribution, etc. | 2004 |
| 300 ## - PHYSICAL DESCRIPTION | |
| Extent | 274:p |
| 505 ## - FORMATTED CONTENTS NOTE | |
| Formatted contents note | Genesis of the Academy (Page-1), The Early Days (Page-5), Off to a Dusty Start (Page-12), The Inauguration (Page-27), Awards and Extra-curricular Activities (Page-41), End of an Era (Page-51), Years of Consolidation (Page-59), Critical Years (Page-85), Revival of the Old System (Page-108), Preservation of Heritage (Page-118), Sports in Focus (Page-126), Reorganization (Page-134), Inauguration of Academic Complex (Page-149), Traditions Revisited (Page-154), Innovative Concept (Page-160), Review of Curriculum (Page-169), Golden Jubilee (Page-173), Shifting of the 3rd Pakistan Battalion (Page-180), Into the New Millennium (Page-189), Quality Regime (Page-205), Epilogue (Page-227). |
| 650 ## - SUBJECT ADDED ENTRY--TOPICAL TERM | |
| Topical term or geographic name entry element | The Pakistan Military Academy |
| 9 (RLIN) | 111755 |
| 942 ## - ADDED ENTRY ELEMENTS (KOHA) | |
| Source of classification or shelving scheme | |
| Koha item type | Book |
| Call number prefix | 954.19,MAH |
| Withdrawn status | Lost status | Source of classification or shelving scheme | Damaged status | Not for loan | Permanent Location | Current Location | Shelving location | Date acquired | Full call number | Barcode | Date last seen | Price effective from | Koha item type | Public note |
|---|---|---|---|---|---|---|---|---|---|---|---|---|---|---|
| Military College of Signals (MCS) | Military College of Signals (MCS) | General Stacks | 12/12/2016 | 954.1,MAH | MCS31465 | 12/08/2016 | 12/12/2016 | Book | Almirah No.75, Shelf No.7 | |||||
| Military College of Signals (MCS) | Military College of Signals (MCS) | General Stacks | 12/12/2016 | 954.1,MAH | MCS31466 | 12/08/2016 | 12/12/2016 | Book | Almirah No.75, Shelf No.7 |
